Statistiken für Größte Städte in Spanien - A-Z

Klicken Sie hier um das Quiz zu spielen!

Allgemein

  • Dieses Quiz wurde 249 mal gespielt
  • Das Durchschnittsergebnis liegt bei 7 aus 24

Antwortstatistiken

Bevölkerung (2015)Stadt% Korrekt
B1,604,555Barcelona
100%
M3,141,991 2Madrid
99%
V786,189Valencia
87%
S693,878Sevilla
85%
A328,648 12Alicante
56%
P400,578Palma
51%
C327,362Córdoba
40%
G274,290Gijón
32%
O224,005Oviedo
32%
J207,532Jerez de la Frontera
30%
H148,806Huelva
23%
L379,766Las Palmas de
Gran Canaria
23%
E230,112Elche
21%
D186,066Donostia-San Sebastián /
Dos Hermanas
7%
I60,951Irun
7%
T210,941Terrassa
7%
R103.477Reus
6%
F197,836Fuenlabrada
3%
Z61,827Zamora
3%
N166,310Nou Barris
0%
Q25,499Quart de Poblet
0%
U52.617Utrera
0%
X30,691Xirivella
0%
Y35,025Yecla
0%

Verteilung der Resultate

Perzentil nach korrekt beantworteten Fragen

Anzahl Personen mit jedem Resultat

Ihre Resultats-Entwicklung

Sie haben dieses Quiz noch nicht gespielt